Southville International School and Colleges
Your cart is empty.
  • Cart
  • Lists
    Public lists Eva Luna New books Lux_list list_1
    Your lists Log in to create your own lists
  • Log in to your account
  • Your cookies
  • Search history
Southville International School and Colleges
  • Advanced search
  • Recent comments
  • Most popular
  • Libraries

Log in to your account

Log in with GOOGLE


If you do not have an external account, but do have a local account, you can still log in:

  1. Home
  2. MARC view: 30 amazing Australian animals /
Normal view MARC view ISBD view

30 amazing Australian animals / (Record no. 339902)

[ view plain ]
MARC details
000 -LEADER
fixed length control field 00673nam a2200253Ia 4500
008 - FIXED-LENGTH DATA ELEMENTS--GENERAL INFORMATION
fixed length control field 170711s9999 xx 000 0 und d
020 ## - INTERNATIONAL STANDARD BOOK NUMBER
International Standard Book Number 9781741661910
050 ## - LIBRARY OF CONGRESS CALL NUMBER
Classification number 591.9
050 ## - LIBRARY OF CONGRESS CALL NUMBER
Item number C518 2007
100 ## - MAIN ENTRY--PERSONAL NAME
Personal name Cheng, Christopher
245 ## - TITLE STATEMENT
Title 30 amazing Australian animals /
245 ## - TITLE STATEMENT
Statement of responsibility, etc Christopher Cheng.
260 ## - PUBLICATION, DISTRIBUTION, ETC. (IMPRINT)
Place of publication, distribution, etc North Sydney, NSW :
260 ## - PUBLICATION, DISTRIBUTION, ETC. (IMPRINT)
Name of publisher, distributor, etc Random House,
260 ## - PUBLICATION, DISTRIBUTION, ETC. (IMPRINT)
Date of publication, distribution, etc 2007
300 ## - PHYSICAL DESCRIPTION
Extent 162 pages :
300 ## - PHYSICAL DESCRIPTION
Other physical details illustrations ;
300 ## - PHYSICAL DESCRIPTION
Dimensions 23cm.
500 ## - GENERAL NOTE
General note Includes bibliographic reference.
650 ## - SUBJECT ADDED ENTRY--TOPICAL TERM
Topical term or geographic name as entry element Animals -- Australia.
650 ## - SUBJECT ADDED ENTRY--TOPICAL TERM
Topical term or geographic name as entry element Australia.
700 ## - ADDED ENTRY--PERSONAL NAME
Personal name Title : Thirthy amazing Australian animals.
700 ## - ADDED ENTRY--PERSONAL NAME
Personal name Title.

No items available.

30 amazing Australian animals /

APA

Cheng C., Title : Thirthy amazing Australian animals & Title.30 amazing Australian animals. North Sydney, NSW: .

Chicago

Cheng Christopher, Title : Thirthy amazing Australian animals and Title.30 amazing Australian animals. North Sydney, NSW: .

Harvard

Cheng C., Title : Thirthy amazing Australian animals and Title.30 amazing Australian animals. North Sydney, NSW: .

MLA

Cheng Christopher, Title : Thirthy amazing Australian animals and Title.North Sydney, NSW: . .

  • Print
  • Cite
  • Add to your cart (remove)
  • Save record
    BIBTEX Dublin Core MARCXML MARC (non-Unicode/MARC-8) MARC (Unicode/UTF-8) MARC (Unicode/UTF-8, Standard) MODS (XML) RIS
  • More searches
    Search for this title in:
    Other Libraries (WorldCat) Other Databases (Google Scholar) Online Stores (Bookfinder.com) Open Library (openlibrary.org)

Exporting to Dublin Core...

SOUTHVILLE LIBRARY

Southville International School and Colleges Library

1281 Tropical Ave. Cor. Luxembourg St., BF Homes International, Las Pinas City

Tel. No. 8256374 / 252358 Loc. 117/146

Powered by Koha